000 00971cam a2200229 4500
001 ##L135161
008 061002n2006 000 0 eng u
035 _a(Sirsi) u135161
041 0 _aeng
050 0 4 _a333.33 $2 18
110 2 _aSavills
_92020
245 0 0 _aEuropean quarterly data
_bsecond quarter 2006
260 _aLondon
_bSavills
_c2006
490 0 _aSavills European Quarterly Data
_vSecond Quarter, 2006
520 _aProvides information on 18 European cities. Includes national economic indicators for each country and looks at rents and yields for offices and warehouses, together with a short term forecast of demand, supply and rents for each sector. Tables and graphs.
590 _aIKA171006
650 2 4 _aSAVILLS EUROPEAN QUARTERLY DATA
651 4 _aEUROPE
690 _aPROPERTY-COMMERCIAL PROPERTY-COMMERCIAL PROPERTY MARKET
856 4 0 _uhttps://www.savills.co.uk/
_zView the report free of charge at www.savills.co.uk...
942 _n0
999 _c105935
_d105935